Úloha štátu v globálnom ekonomickom prostredí

Štát blahobytu, zmenšovanie úlohy štátu, štátny intervencionizmus. Príklad Nového Zélandu.

Saved in:
Bibliographic Details
Main Author: Majerčík, Peter
Format: Book Chapter
Language:Slovak
Subjects:
Tags: Add Tag
No Tags, Be the first to tag this record!

MARC

LEADER 00000nla a2200000 4500
001 0179486
005 20240502073041.4
041 0 |a slo 
044 |a SK 
245 1 0 |a Úloha štátu v globálnom ekonomickom prostredí  |c Peter Majerčík 
520 |a Štát blahobytu, zmenšovanie úlohy štátu, štátny intervencionizmus. Príklad Nového Zélandu. 
610 2 0 |a štát 
610 2 0 |a štát blahobytu 
610 2 0 |a suverenita štátna 
610 2 0 |a intervencionizmus štátny 
610 2 0 |a Nový Zéland 
100 1 |a Majerčík, Peter